Tortricid pests : (Record no. 30657)
[ view plain ]
| 000 -LEADER | |
|---|---|
| fixed length control field | 00920cam a2200277 a 4500 |
| 001 - CONTROL NUMBER | |
| control field | u4504 |
| 003 - CONTROL NUMBER IDENTIFIER | |
| control field | SIRSI |
| 005 - DATE AND TIME OF LATEST TRANSACTION | |
| control field | 20180220094141.0 |
| 008 - FIXED-LENGTH DATA ELEMENTS--GENERAL INFORMATION | |
| fixed length control field | 951211s1991 ne ab b 001 0 eng d |
| 020 ## - INTERNATIONAL STANDARD BOOK NUMBER | |
| International Standard Book Number | 0444880003 |
| 039 #9 - LEVEL OF BIBLIOGRAPHIC CONTROL AND CODING DETAIL [OBSOLETE] | |
| Level of rules in bibliographic description | 200212031007 |
| Level of effort used to assign nonsubject heading access points | safaa |
| -- | 200203190936 |
| -- | load |
| 040 ## - CATALOGING SOURCE | |
| Original cataloging agency | EAL. |
| 050 ## - LIBRARY OF CONGRESS CALL NUMBER | |
| Classification number | SB945.T78 |
| Item number | T67 1991 |
| 245 ## - TITLE STATEMENT | |
| Title | Tortricid pests : |
| Remainder of title | their biology, natural enemies, and control / |
| Statement of responsibility, etc. | edited by L.P.S. van der Geest, H.H. Evenhuis. |
| 260 ## - PUBLICATION, DISTRIBUTION, ETC. | |
| Place of publication, distribution, etc. | Amsterdam : |
| Name of publisher, distributor, etc. | Elsevier, |
| Date of publication, distribution, etc. | 1991. |
| 300 ## - PHYSICAL DESCRIPTION | |
| Extent | xviii, 808 p. : |
| Other physical details | ill., maps ; |
| Dimensions | 31 cm. |
| 400 ## - SERIES STATEMENT/ADDED ENTRY--PERSONAL NAME [OBSOLETE, CAN/MARC], [LOCAL, USA] | |
| Personal name | World crop pest ; |
| Volume number/sequential designation | 5 |
| 504 ## - BIBLIOGRAPHY, ETC. NOTE | |
| Bibliography, etc. note | Includes bibliographical refrences and indexes. |
| 596 ## - | |
| -- | 1 |
| 650 #0 - SUBJECT ADDED ENTRY--TOPICAL TERM | |
| Topical term or geographic name entry element | Tortricidae. |
| 650 #0 - SUBJECT ADDED ENTRY--TOPICAL TERM | |
| Topical term or geographic name entry element | Tortricidae |
| General subdivision | Control. |
| 650 #0 - SUBJECT ADDED ENTRY--TOPICAL TERM | |
| Topical term or geographic name entry element | Tortricidae |
| General subdivision | Biological control. |
| 700 10 - ADDED ENTRY--PERSONAL NAME | |
| Personal name | Geest, L. P. S. van der. |
| 700 10 - ADDED ENTRY--PERSONAL NAME | |
| Personal name | Evenhuis, H. H. |
| 942 ## - ADDED ENTRY ELEMENTS (KOHA) | |
| Koha item type | Books |
| Source of classification or shelving scheme | Library of Congress Classification |
| Withdrawn status | Lost status | Source of classification or shelving scheme | Damaged status | Not for loan | Home library | Current library | Date acquired | Total Checkouts | Full call number | Barcode | Date last seen | Copy number | Price effective from | Koha item type |
|---|---|---|---|---|---|---|---|---|---|---|---|---|---|---|
| Withdrawn | Library of Congress Classification | Main | Main | 02/20/2018 | SB945.T78 T67 1991 VOL.5 | 0010057 | 01/23/2025 | 1 | 02/20/2018 | Books |